Role of 3D ultrasound and office hysteroscopy in evaluation of uterine causes of cases of recurrent abortion / (Record no. 43352)

MARC details
000 -LEADER
fixed length control field 01860cam a2200337 a 4500
003 - CONTROL NUMBER IDENTIFIER
control field EG-GiCUC
005 - DATE AND TIME OF LATEST TRANSACTION
control field 20250223030844.0
008 - FIXED-LENGTH DATA ELEMENTS--GENERAL INFORMATION
fixed length control field 130828s2013 ua dh f m 000 0 eng d
040 ## - CATALOGING SOURCE
Original cataloging agency EG-GiCUC
Language of cataloging eng
Transcribing agency EG-GiCUC
041 0# - LANGUAGE CODE
Language code of text/sound track or separate title eng
049 ## - LOCAL HOLDINGS (OCLC)
Holding library Deposite
097 ## - Thesis Degree
Thesis Level Ph.D
099 ## - LOCAL FREE-TEXT CALL NUMBER (OCLC)
Classification number Cai01.11.15.Ph.D.2013.Ja R
100 0# - MAIN ENTRY--PERSONAL NAME
Personal name Jasmine Ahmed Mohamed Youssef
245 10 - TITLE STATEMENT
Title Role of 3D ultrasound and office hysteroscopy in evaluation of uterine causes of cases of recurrent abortion /
Statement of responsibility, etc. Jasmine Ahmed Mohamed Youssef ; Supervised Mohammed Ehab Slait , Mostafa Abdallah Abdelbarr
246 15 - VARYING FORM OF TITLE
Title proper/short title دور الموجات الصوتية ثلاثية الابعاد والمنظار الرحمى المكتبى فى تقييم الاسباب الرحمية لحالات الاجهاض المتكرر
260 ## - PUBLICATION, DISTRIBUTION, ETC.
Place of publication, distribution, etc. Cairo :
Name of publisher, distributor, etc. Jasmine Ahmed Mohamed Youssef ,
Date of publication, distribution, etc. 2013
300 ## - PHYSICAL DESCRIPTION
Extent 117P. :
Other physical details charts , facsimiles ;
Dimensions 25cm
502 ## - DISSERTATION NOTE
Dissertation note Thesis (Ph.D.) - Cairo University - Faculty of Medicine - Department of Gynecology and Obstetrics
520 ## - SUMMARY, ETC.
Summary, etc. Spontaneous abortion is the most common complication of pregnancy and is responsible for significant emotional distress to couples desiring children . Habitual abortion was classically defined as the occurrence of two or more consecutive clinically recognized pregnancy losses before 20 weeks from the last menstrual period . To evaluate uterine cavity pathology in cases of habitual abortion using office hysteroscopy and 3D ultrasound
530 ## - ADDITIONAL PHYSICAL FORM AVAILABLE NOTE
Additional physical form available note Issued also as CD
653 #4 - INDEX TERM--UNCONTROLLED
Uncontrolled term Habitual abortion
653 #4 - INDEX TERM--UNCONTROLLED
Uncontrolled term Office hysteroscopy
653 #4 - INDEX TERM--UNCONTROLLED
Uncontrolled term Uterine anomalies
700 0# - ADDED ENTRY--PERSONAL NAME
Personal name Mohammed Ehab Slait ,
Relator term
700 0# - ADDED ENTRY--PERSONAL NAME
Personal name Mostafa Abdallah Abdelbarr ,
Relator term
856 ## - ELECTRONIC LOCATION AND ACCESS
Uniform Resource Identifier <a href="http://172.23.153.220/th.pdf">http://172.23.153.220/th.pdf</a>
905 ## - LOCAL DATA ELEMENT E, LDE (RLIN)
Cataloger Fatma
Reviser Cataloger
905 ## - LOCAL DATA ELEMENT E, LDE (RLIN)
Cataloger Nazla
Reviser Revisor
942 ## - ADDED ENTRY ELEMENTS (KOHA)
Source of classification or shelving scheme Dewey Decimal Classification
Koha item type Thesis
Holdings
Source of classification or shelving scheme Not for loan Home library Current library Date acquired Full call number Barcode Date last seen Koha item type Copy number
Dewey Decimal Classification   المكتبة المركزبة الجديدة - جامعة القاهرة قاعة الرسائل الجامعية - الدور الاول 11.02.2024 Cai01.11.15.Ph.D.2013.Ja R 01010110060837000 22.09.2023 Thesis  
Dewey Decimal Classification   المكتبة المركزبة الجديدة - جامعة القاهرة مخـــزن الرســائل الجـــامعية - البدروم 11.02.2024 Cai01.11.15.Ph.D.2013.Ja R 01020110060837000 22.09.2023 CD - Rom 60837.CD
Cairo University Libraries Portal Implemented & Customized by: Eng. M. Mohamady Contacts: new-lib@cl.cu.edu.eg | cnul@cl.cu.edu.eg
CUCL logo CNUL logo
© All rights reserved — Cairo University Libraries
CUCL logo
Implemented & Customized by: Eng. M. Mohamady Contact: new-lib@cl.cu.edu.eg © All rights reserved — New Central Library
CNUL logo
Implemented & Customized by: Eng. M. Mohamady Contact: cnul@cl.cu.edu.eg © All rights reserved — Cairo National University Library